00317nam a2200097Ia 4500008004000000082001600040100004800056245005900104260004800163300000800211210210b1985 xxu||||| |||| 00| 0 eng d a378.17 SRIA aSRIVASTAVA (Anand P) and SRIVASTAVA (Anil). aAcquiring excellence at college- a tutorials handbook. aNew Delhi.bThe Learning Laboratory.,c1985 a235